LEADER 01413nam a2200313 a 4500 001 000000123007 003 CaOOAMICUS 005 20100916142238.0 008 100916t2007 vc u001 u ita r 020 $a978-88-465-0564-4 040 $aPUL$bita$dReb 082 04$a233.05 100 1 $aBortolotto, Ferruccio.$0(OLS)http://pul/name/77346 245 10$aChiamati per nome :$bil Battesimo, incontro con Cristo /$cFerruccio Bortolotto ; presentazione di Madre Anna Maria Cànopi, o.s.b. 260 $aCittà del Vaticano :$bLateran University Press,$c2007. 300 $a269 p. ;$c19 cm. 490 1 $aMane nobiscum ;$v08 504 $aBibliografia in nota. 650 4$aSpiritualità.$0(OLS)http://pul/subject/843 650 4$aBattesimo.$0(OLS)http://pul/subject/1772 700 1 $aCànopi, Anna Maria.$0(OLS)http://pul/name/77019 830 0$aMane nobiscum ;$v08.$0(OLS)http://pul/title/119124 850 $aPUL 852 $aPUL$W1$xSL Religione 3$y85$m233. 05 COLL 1.8$j141283$qDDC 21$B140347$CPULBib$Z2$F140347 $H114802 $82 941 1 $a9 996 $6020$a978-88-465-0564-4$9(OLS)http://pul/number/145370 996 $6082$a233.05$9(OLS)http://pul/classification/728 996 $6245$aChiamati per nome :$bil Battesimo, incontro con Cristo$9(OLS)http://pul/title/155034 996 $6260$aCittà del Vaticano :$bLateran University Press$9(OLS)http://pul/publisher/74585 LEADER 01192nam a2200277 u 4500 001 000000077630 003 CaOOAMICUS 005 20070226123336.0 008 040218s1967 fr u000 u fre u 020 $a2711602931 035 $a10984615 040 $aPUL$bita 100 1 $aGilson, Etienne,$d1884-1978.$0(OLS)http://pul/name/629 245 13$aLa société de masse et sa culture /$cpar Etienne Gilson de l'académie française. 260 $a[Paris] :$bLibrairie philosophique J. Vrin,$c1967. 300 $a149 p. ;$c20 cm 490 1 $aEssais d'art et de philosophie 500 $aBibliografia in nota. 600 14$aGilson, Étienne ,$d1884-1978.$0(OLS)http://pul/subject/593 830 0$aEssais d'art et de philosophie.$0(OLS)http://pul/title/13172 850 $aPUL 852 $aPUL$W1$xDP1 Cons. Gen., Altre Classi 1$y22$m44 L 29$j99688$nBK-PRI$b $qStampati$B99688$CPULBib$Z2$F99688 $HPUL91243 $81 941 1 $a8 996 $6020$a2711602931$9(OLS)http://pul/number/101795 996 $6245$aLa société de masse et sa culture$9(OLS)http://pul/title/101801 996 $6260$a[Paris] :$bLibrairie philosophique J. Vrin$9(OLS)http://pul/publisher/75170